000 00477nam a22001577a 4500
020 _a0-13-177478-6
082 _a746.58
_bFRI/F
100 _aFRINGS, GINI STEPHENS
245 _aFASHION FROM CONCEPT TO CONSUMER
250 _aFOURTH EDITION
260 _aNEW JERSEY
_bPRENTICE HALL CAREER & TECHNOLOGY
_c1994
300 _a359
520 _aINSTRUCTIONAL PRODUCT THAT RECOGNIZES THE DEMANDS MADE OF TODAY'S WORKFORCE
650 _aFASHION STUDIES
_zUNITED STATES
942 _cBK
999 _c5910
_d5910